| 000 | 03494njm a2200541 c 4500 | ||
|---|---|---|---|
| 003 | BLK | ||
| 005 | 20250128165639.0 | ||
| 008 | 180410b bul||n||s|||||||| n|bulo| | ||
| 010 | _aCDD00000049000 | ||
| 040 | _aBLK | ||
| 041 |
_aBUL _cBUL _hENG |
||
| 072 | 7 |
_2bullib _aМС _xМузика - сакрална |
|
| 080 |
_aВокално-инструментална музика _b784:785 _x _z784:785 |
||
| 080 |
_aХор, женски _b78.087.682 _x _z78.087.682 |
||
| 080 |
_aСопран _b78.087.612.1 _x _z78.087.612.1 |
||
| 080 |
_aМецосопран _b78.087.612.2 _x _z78.087.612.2 |
||
| 080 |
_aБаритон - мъжки певчески глас _b78.087.613.2 _x _z78.087.613.2 |
||
| 080 |
_aБас - мъжки певчески глас _b78.087.613.3 _x _z78.087.613.3 |
||
| 080 |
_aКамерен оркестър _b785.16 _x _z785.16 |
||
| 700 | 1 |
_aSpassov, Ivan Parvanov _e* _9353270 |
|
| 100 |
_aСпасов, Иван Първанов _d1934-1996 _gКомпозитор, диригент, музикален педагог, проф. в Академия за музикално и танцово и изобразително изкуство - Пловдив (1989). Главен худож. рък.-тел на Симфоничния оркестър Пазарджик _9387480 |
||
| 139 |
_aСпасов, Иван Първанов _bС 55 |
||
| 245 | 1 | 0 |
_aPrayer Chants [CD аудио] _c* Ivan Parvanov Spassov; Иван Първанов Спасов. |
| 257 | _aBGR | ||
| 260 |
_аСофия _bGega New 251 _cБ. г. _eСофия _fПроизводител |
||
| 300 |
_c12 см. Stereo _fбр. в к-т _g1 CD |
||
| 306 | _a57 мин., 43 сек. | ||
| 380 | _a7 | ||
| 490 | 1 |
_aContemporary bulgarian composers _vVol.1 |
|
| 505 |
_gFor soloists womens Chor and Organ on Bulgarian and Latin texts and St. Luke`s Gospel _r Krikor Chetinian; изп. Женски камерен хор - АМТИ Пловдив; сопран Калина Жекова; тенор Степан Киркор Бюлбюлян; бас-баритон Георги Лазаров; орган Александрина Тороманова; диригент Крикор Четинян. _tEaster Music for Christ Sufferings, Death and Resurretion |
||
| 505 |
_rизп. Оркестрал ансамбъл; Orchestral Ensemble; диригент Бедрос Папазян. _tThe Sanctification of the Heavenly Space |
||
| 505 |
_gAfter a Latin cult text for soloists, women`s chor and orchestra _rизп. Полифония Камерен акапелен хор; диригент Ивелин Димитров; изп. Камерен оркестър при СМУ Пловдив; диригент Пламен Първанов; сопран Тиха Генова; сопран Донка Лозанова; мецосопран Валерия Мирчева; мецосопран Лилия Илиева. _tMiserere |
||
| 650 | 4 |
_aМузика, вокално-инструментална _9316503 |
|
| 650 | 4 |
_aХор - камерен _9353271 |
|
| 650 | 4 |
_aОркестри, камерни _9353152 |
|
| 653 | _aсопрани | ||
| 653 | _aмецосопрани | ||
| 653 | _aтенори | ||
| 653 | _aВеликден | ||
| 653 | _aбаси | ||
| 653 | _aженски хорове | ||
| 852 |
_aЦб CD 152 _p3 |
||
| 856 | 4 |
_qpdf _u |
|
| 856 | 4 |
_qpdf _u |
|
| 942 |
_cCDD _n0 |
||
| 944 |
_aCR _c12.10.2007 _k30540 _lСевдалина Тодорова |
||
| 944 |
_aED _c26.10.2010 _k |
||
| 999 |
_c214686 _d214686 |
||